| 000 | 01631nam a2200385 a 4500 | ||
|---|---|---|---|
| 001 | ebr10575683 | ||
| 003 | CaPaEBR | ||
| 006 | m u | ||
| 007 | cr cn||||||||| | ||
| 008 | 780628s1978 ne a sb 101 0 eng d | ||
| 010 | _z 78015495 | ||
| 020 | _z0444900330 | ||
| 020 | _z9780470663493 | ||
| 020 | _z9780470718094 (e-book) | ||
| 040 |
_aCaPaEBR _cCaPaEBR |
||
| 035 | _a(OCoLC)655587306 | ||
| 050 | 1 | 4 |
_aRJ506.M4 _bS95 1977eb |
| 082 | 0 | 4 |
_a618.9/28/58805 _222 |
| 111 | 2 |
_aSymposium on the Cost of Preventing Major Mental Handicap _d(1977 : _cLondon, England) |
|
| 245 | 1 | 0 |
_aMajor mental handicap _h[electronic resource] : _bmethods and costs of prevention. |
| 260 |
_aAmsterdam ; _aNew York : _bElsevier/Excerpta Medica/North-Holland, _c1978. |
||
| 300 |
_aviii, 226 p. : _bill. |
||
| 490 | 1 |
_aCiba Foundation symposium ; _v59 (new ser.) |
|
| 504 | _aIncludes bibliographical references and indexes. | ||
| 533 |
_aElectronic reproduction. _bPalo Alto, Calif. : _cebrary, _d2011. _nAvailable via World Wide Web. _nAccess may be limited to ebrary affiliated libraries. |
||
| 650 | 0 |
_aMental retardation _xPrevention _vCongresses. |
|
| 650 | 0 |
_aMental retardation _xPrevention _xCosts _vCongresses. |
|
| 650 | 0 |
_aNeonatal intensive care _vCongresses. |
|
| 650 | 0 |
_aPrenatal care _vCongresses. |
|
| 650 | 0 |
_aMental retardation _xEtiology _vCongresses. |
|
| 655 | 7 |
_aElectronic books. _2local |
|
| 710 | 2 | _aebrary, Inc. | |
| 830 | 0 |
_aCiba Foundation symposium ; _vnew ser. 59. |
|
| 856 | 4 | 0 |
_uhttp://site.ebrary.com/lib/rucke/Doc?id=10575683 _zAn electronic book accessible through the World Wide Web; click to view |
| 999 |
_c78287 _d78287 |
||